Entry Término temático
001 - NÚMERO DE CONTROL
- campo de control: 19633
003 - IDENTIFICADOR DEL NÚMERO DE CONTROL
- campo de control: BNPHU
005 - FECHA Y HORA DE LA ÚLTIMA TRANSACCIÓN
- campo de control: 20251120101957.0
008 - DATOS DE LONGITUD FIJA
- campo de control de longitud fija: 200615|| aca||aabn | a|a d
010 ## - NÚMERO DE CONTROL DE LA BIBLIOTECA DEL CONGRESO
- Número de control de LC: sh 85107098
040 ## - FUENTE DE LA CATALOGACIÓN
- Centro catalogador/agencia de origen: DO-SdBNP
- Lengua de catalogación: spa
- Centro/agencia transcriptor: BNPHU
- Normas de descripción: rda
150 ## - ENCABEZAMIENTO--TÉRMINO DE MATERIA
- Término de materia o nombre geográfico como elemento de entrada: Prueba (Derecho)
450 ## - TRAZADO DE VÉASE--TÉRMINO DE MATERIA
- Término de materia o nombre geográfico como elemento de entrada: Probation
450 ## - TRAZADO DE VÉASE--TÉRMINO DE MATERIA
- Término de materia o nombre geográfico como elemento de entrada: Suspensión de la sentencia
550 ## - TRAZADO VÉASE ADEMÁS--TÉRMINO DE MATERIA
- Término de materia o nombre geográfico como elemento de entrada: Penas alternativas
- Subcampo de control: g
550 ## - TRAZADO VÉASE ADEMÁS--TÉRMINO DE MATERIA
- Término de materia o nombre geográfico como elemento de entrada: Probación intensiva
- Subcampo de control: h
550 ## - TRAZADO VÉASE ADEMÁS--TÉRMINO DE MATERIA
- Término de materia o nombre geográfico como elemento de entrada: Probación juvenil
- Subcampo de control: h
550 ## - TRAZADO VÉASE ADEMÁS--TÉRMINO DE MATERIA
- Término de materia o nombre geográfico como elemento de entrada: Supervisión policial
- Subcampo de control: h
550 ## - TRAZADO VÉASE ADEMÁS--TÉRMINO DE MATERIA
- Término de materia o nombre geográfico como elemento de entrada: Reportes de investigación previos a la sentencia
- Subcampo de control: h
550 ## - TRAZADO VÉASE ADEMÁS--TÉRMINO DE MATERIA
- Término de materia o nombre geográfico como elemento de entrada: Garantía de paz
- Subcampo de control: h
670 ## - FUENTE DE DATOS ENCONTRADOS
- Cita de la fuente: Work cat.: (OSt)6844: Henríquez Castillo, Luis 19632, Guía de la prueba civil y comercial /, 1973.
670 ## - FUENTE DE DATOS ENCONTRADOS
- Identificador Uniforme del Recurso: https://librunam.dgb.unam.mx:8443/F/7AUYVEP8T3DIKBB2UVKDER8BRGAF7NQ6SKAIEYDYV6GH87U6EU-11416?func=full-set-set&set_number=001411&set_entry=000001&format=001 Consultado en 20 de Noviembre, 2025
750 ## - ENTRADA DE ENLACE DE ENCABEZAMIENTO ESTABLECIDO--TÉRMINO DE MATERIA
- Término de materia o nombre geográfico como elemento de entrada: Probation
- Número de control del registro de autoridad o número normalizado: sh 85107098
